Remembering God, Refletions on Islam (Record no. 15210)

MARC details
000 -LEADER
fixed length control field 00620nam a2200241 a 4500
020 ## - INTERNATIONAL STANDARD BOOK NUMBER
ISBN 0946621
082 00 - DEWEY DECIMAL CLASSIFICATION NUMBER
Classification number 297.1
Author Cutter EAT
245 ## - TITLE STATEMENT
Title Remembering God, Refletions on Islam
260 ## - PUBLICATION, DISTRIBUTION, ETC. (IMPRINT)
Place of publication Cambridge
Name of publisher Islamic Texts Society
Year of publication 2000
300 ## - PHYSICAL DESCRIPTION
Number of Pages 241p
500 ## - GENERAL NOTE
General note includes index and biblioraphy
505 2# - FORMATTED CONTENTS NOTE
Formatted contents note Bibliography, Index
650 ## - SUBJECT ADDED ENTRY--TOPICAL TERM
Topical Term Islam-20th Century
650 ## - SUBJECT ADDED ENTRY--TOPICAL TERM
Topical Term Quran-Appreciation
942 ## - ADDED ENTRY ELEMENTS (KOHA)
Koha item type Books
Holdings
Collection code Home library Current library Date acquired Cost, normal purchase price Full call number Accession Number Koha item type
  Henry Martyn Institute Library Henry Martyn Institute Library 07/27/2007 1001.65 297.1 EAT 020119 Books
                   Copyright © 2026 | Henry Martyn Institute | Hyderabad | TS-500052 | INDIA | Implemented by hmi.edu.in
Hit-Count:

Powered by Koha